| 000 | 00372nam a22001217a 4500 | ||
|---|---|---|---|
| 082 | _a200 THE | ||
| 100 |
_aBakhtawar Seerat _970289 |
||
| 245 | _aTH-SOF-1147-Rule Induction Using Enhanced RIPPER Algorithm for Clinical | ||
| 260 |
_aIslamabad _bNUST College of EME _c2015 |
||
| 650 | _a MS-CSE-11 MSTHESIS | ||
| 700 |
_aSupervison Dr. Usman Qamar _969913 |
||
| 942 | _cCF | ||
| 999 |
_c577280 _d577280 |
||